000 00497nam a2200181 a 4500
001 14488
003 CO-ViMGA
008 141112s2004 ck r 000 u spa d
040 _aCO-ViMGA
_bspa
_cCO-ViMGA
082 _aFr Co863
_bA665c
100 1 _aAponte, Silvia
_92269
245 1 0 _aCuatro caballos del tiempo
260 _aVillavicencio :
_bG.M.,
_c1998
300 _a207 p.
500 _aEn : Cuatro caballos del tiempo; FrCo 863 A665c
650 1 4 _aCUENTOS LLANEROS
_92270
942 _2ddc
_cBK
999 _c10808
_d10808